[Event "1st Gujarat GM Open 2018"]
[Site "Ahmedabad"]
[Date "2018.10.08"]
[Round "5"]
[White "Kravtsiv, Martyn"]
[Black "Bakunts, Rafael"]
[Result "1-0"]
[WhiteElo "2654"]
[BlackElo "2427"]
[Annotator "TA"]
[PlyCount "105"]
[EventDate "2018.10.05"]
[EventType "swiss"]
[EventCountry "IND"]
[SourceTitle "playchess.com"]
[Source "ChessBase"]
[SourceQuality "1"]

{[%evp 14,105,46,53,53,50,50,52,51,51,47,45,51,19,13,9,35,16,52,29,714,-21,6,13,16,16,65,0,0,0,62,0,0,0,67,63,75,79,73,85,418,0,0,0,97,85,96,102,295,232,235,233,211,216,221,218,218,220,233,197,220,197,205,200,199,190,227,227,227,227,227,227,227,227,227,206,227,194,368,352,389,355,442,442,432,432,444,415,395,336,473,415,457,367]} 1. e4 c5 2. Nf3 Nf6 3. Nc3 Nc6 4. d4 d5 5. exd5 Nxd5 6. dxc5 Nxc3 7. Qxd8+ Nxd8 8. bxc3 f6 {B29: Sicilian: 2 Nf3 Nf6 (Nimzowitsch Variation)} 9. Be3 e5 10. Nd2 Bd7 {White is slightly better.} 11. O-O-O Rc8 12. Ne4 Ne6 {[%cal Re6c5]} 13. Nd6+ Bxd6 $1 14. cxd6 b6 {[#]} 15. Ba6 $146 ({Predecessor:} 15. g3 Rxc3 16. Kb2 {½-½ (35) Vosahlik,J (2605)-Voll,A (2558) ICCF email 2008}) 15... Rc6 16. c4 Rxc4 $2 {[%mdl 8192]} (16... Nc5 $11 17. Bb5 Rc8) 17. Kb2 $2 (17. Bxc4 $18 Kf7 18. Rd3) 17... Rc6 18. Bb7 Rc4 19. Bd5 Rc8 20. Bb7 Rc4 21. Bd5 $36 {[%mdl 2048] White is more active.} Rc8 22. Bb7 (22. Rhe1 $14) 22... Rc4 $11 23. Bd5 (23. Ba6 $11 Rb4+ 24. Kc3) 23... Rc8 $14 24. Rhe1 Kd8 25. Rd3 $1 Nc5 26. Ra3 $1 {[%cal Ra3a7]} Ne6 $2 {[%mdl 8192]} (26... a6 $16 {is tougher.}) 27. Rd3 $2 (27. Rxa7 $18 Nc5 28. Ka1) 27... Nc5 $11 28. Ra3 a5 (28... Ne6 $1 $11 {keeps the balance.}) 29. Ka1 Bf5 30. Rb1 Nd7 $2 (30... Be4 $16) 31. Bxb6+ Nxb6 32. Rxb6 {And now c4 would win.} Rxc2 {[#] ...Rc1+ is the strong threat.} 33. Bb3 $1 {[%cal Rb3c2]} Rc5 {[#]} 34. Rb8+ $1 Rc8 35. Rb7 Rc5 36. Rxg7 Kc8 37. Ra7 {Black must now prevent Ra8+.} Kb8 38. R3xa5 Rxa5 39. Rxa5 $18 {[%mdl 4096] Endgame aiming for Bd5. KRB-KRB} Rd8 40. f4 Rxd6 41. fxe5 fxe5 42. Rxe5 Bg6 43. Re2 Kc7 44. Bc2 Kb6 45. Bxg6 hxg6 $2 {KR-KR} (45... Rxg6 {was worth a try.} 46. g3 Rh6) 46. Kb2 Kc5 47. Rc2+ Kb4 48. a3+ {[%cal Ba2a3,Ba3a4][%mdl 32]} Kb5 49. Kb3 g5 50. a4+ Kb6 51. Rc4 Rd5 (51... Re6 $142 52. Rb4+ Ka6) 52. Kc3 Ka5 53. Rd4 {Precision: White = 71%, Black = 37%.} 1-0

[Event "1st Gujarat GM Open 2018"]
[Site "Ahmedabad"]
[Date "2018.10.08"]
[Round "5"]
[White "Predke, Alexandr"]
[Black "Rahul Srivatshav P"]
[Result "1/2-1/2"]
[WhiteElo "2615"]
[BlackElo "2395"]
[Annotator "RC"]
[PlyCount "70"]
[EventDate "2018.10.05"]
[EventType "swiss"]
[EventCountry "IND"]
[SourceTitle "playchess.com"]
[Source "ChessBase"]
[SourceQuality "1"]
[TimeControl "5400+30"]

1. e4 {[%emt 0:01:25]} c6 {[%emt 0:00:00]} 2. d4 {[%emt 0:02:35]} d5 {[%emt 0:00:38]} 3. Nc3 {[%emt 0:01:03]} dxe4 {[%emt 0:00:18]} 4. Nxe4 {[%emt 0:00:05]} Nf6 {[%emt 0:00:15]} 5. Nxf6+ {[%emt 0:00:28]} exf6 {[%emt 0:00:07]} 6. c3 {[%emt 0:00:21]} Bd6 {[%emt 0:00:08]} 7. Bd3 {[%emt 0:00:04]} O-O {[%emt 0:00:08]} 8. Qc2 {[%emt 0:00:13]} Re8+ {[%emt 0:00:06]} 9. Ne2 {[%emt 0:00:04]} f5 {[%emt 0:00:16]} 10. Bxf5 {[%emt 0:06:48]} Bxf5 {[%emt 0:01:17]} 11. Qxf5 {[%emt 0:00:18]} Nd7 {[%emt 0:00:15]} 12. Be3 {[%emt 0:04:33]} Nb6 {[%emt 0:00:21]} 13. O-O {[%emt 0:04:24]} Nc4 {[%emt 0:00:36]} 14. b3 {[%emt 0:20:21]} g6 {[%emt 0:00:38]} 15. Qd3 {[%emt 0:03:33]} Nxe3 {[%emt 0:03:51]} 16. fxe3 {[%emt 0:00:08]} f5 {[%emt 0:06:04]} 17. Nf4 {[%emt 0:02:36]} Re4 {[%emt 0:02:11]} 18. Qc4+ {[%emt 0:14:09]} Kh8 {[%emt 0:01:53]} 19. Qf7 {[%emt 0:00:06] Kg8 [%clk 1:21:21] Qc4+ [%clk 0:35:52] Kh8 [%clk 1:19:58] Qf7 [%clk 0:36:16] Kg8 [%clk 1:21:21] Qc4+ [%clk 0:35:52] Kh8 [%clk 1:19:58] Qf7 [%clk 0:36:16]} Rxe3 {[%emt 0:21:00]} 20. Ne6 {[%emt 0:05:52]} Qe7 {[%emt 0:01:38]} 21. Nf4 Qd8 {[%emt 0:00:00]} 22. Ne6 {[%emt 0:01:00]} Qe7 {[%emt 0:01:00]} 23. Qxe7 {[%emt 0:00:54]} Bxe7 {[%emt 0:00:09]} 24. Rae1 {[%emt 0:00:10]} Rxe1 {[%emt 0:00:28]} 25. Rxe1 {[%emt 0:00:02]} Rc8 {[%emt 0:06:20]} 26. g3 {[%emt 0:10:24]} Kg8 {[%emt 0:00:58]} 27. h4 {[%emt 0:00:05]} Kf7 {[%emt 0:00:57]} 28. Ng5+ {[%emt 0:00:22]} Bxg5 {[%emt 0:00:26]} 29. hxg5 {[%emt 0:00:02]} h6 {[%emt 0:02:49]} 30. gxh6 {[%emt 0:00:24]} Rh8 {[%emt 0:00:06]} 31. d5 {[%emt 0:06:58]} cxd5 {[%emt 0:00:08]} 32. Re5 {[%emt 0:00:03]} Rxh6 {[%emt 0:00:20]} 33. Rxd5 {[%emt 0:00:02]} Ke6 {[%emt 0:00:11]} 34. Rd8 {[%emt 0:00:41]} Rh7 {[%emt 0:00:11]} 35. Rg8 {[%emt 0:01:43]} Ke5 1/2-1/2

[Event "1st Gujarat GM Open 2018"]
[Site "Ahmedabad"]
[Date "2018.10.08"]
[Round "5"]
[White "Popov, Ivan"]
[Black "Abu Sufian, Shakil"]
[Result "1-0"]
[WhiteElo "2611"]
[BlackElo "2247"]
[Annotator "TA"]
[PlyCount "85"]
[EventDate "2018.10.05"]
[EventType "swiss"]
[EventCountry "IND"]
[SourceTitle "playchess.com"]
[Source "ChessBase"]
[SourceQuality "1"]

{[%evp 22,85,2,19,30,31,30,42,49,0,153,-12,0,0,170,-25,0,0,52,17,157,0,68,0,56,49,65,68,72,85,89,68,239,231,265,265,259,259,254,255,271,258,256,245,375,305,333,328,426,429,581,477,448,442,439,400,331,339,1113,1099,1086,919,901,891,865,853]} 1. e4 c5 2. Nf3 d6 3. d4 cxd4 4. Qxd4 Nf6 5. Bg5 Nc6 6. Bb5 Bd7 7. Qd3 a6 8. Bxc6 Bxc6 9. Nc3 e6 10. O-O-O Be7 11. Nd4 {B53: Sicilian: 2...d6: Lines with Qxd4} O-O 12. f4 {[%cal Bf2f4,Bf4f5][%mdl 32] LiveBook: 3 Games} (12. h4 Qa5 13. g4 Rac8 14. Bxf6 Bxf6 15. g5 Be7 16. Rdg1 b5 17. Kb1 b4 18. Nce2 Bb5 {0-1 (31) Andreikin,D (2713)-Gelfand,B (2755) Moscow 2013}) 12... h6 13. h4 {White has an edge.} Re8 (13... hxg5 $2 14. hxg5 Ng4 15. e5 $1 $18 {[%mdl 512]}) 14. Kb1 Qa5 (14... hxg5 $2 15. hxg5 g6 16. Qh3 $18 (16. gxf6 Bxf6 17. Qh3 Bg7 $18)) 15. f5 Rf8 $146 (15... hxg5 $2 16. hxg5 Bd8 17. gxf6 $18 (17. Nxc6 bxc6 18. gxf6 Bxf6 $18)) (15... Qe5 $1 $11) ({Predecessor:} 15... Qe5 16. Nxc6 bxc6 17. Be3 Rab8 18. Rhf1 Rb4 19. Bd4 {½-½ (28) Suran,J (2315)-Tupy,M (2250) Plzen 1996}) 16. Kc1 $2 (16. fxe6 $16 {Threatens to win with Nf5.} fxe6 17. Nxe6) 16... Rfe8 $2 (16... hxg5 $11 {and Black is okay.} 17. hxg5 Nh7) 17. Kb1 $18 Rf8 (17... hxg5 18. hxg5 Rab8 19. Qh3 $18) 18. Kc1 $2 (18. Qg3 $18) 18... Rfe8 19. Kb1 Bd7 (19... hxg5 $2 20. hxg5 Bd8 21. Qh3 $18 (21. Nxc6 bxc6 22. Qh3 Kf8 $18)) ({Black should try} 19... Rf8 $11) 20. Bd2 Bc6 (20... Qc5 $11) 21. Bg5 (21. fxe6 $16 Qh5 22. exf7+ Qxf7 23. Rhf1) 21... Bd7 $14 (21... hxg5 $2 22. hxg5 Bd8 23. Qh3 $18 (23. Nxc6 bxc6 24. gxf6 Bxf6 $18)) 22. Bd2 (22. fxe6 $14 Bxe6 23. Nxe6 fxe6 24. Bf4) 22... Qc7 (22... Bc6 $11) 23. Qg3 {Black must now prevent Bxh6.} Kh7 24. fxe6 Bxe6 25. Nxe6 $40 {[%mdl 128] White wants a kill.} fxe6 26. Qh3 Bf8 $2 ({Black should play} 26... b5 $14) 27. g4 $1 $18 Nd7 28. g5 Ne5 29. gxh6 gxh6 {[#]} 30. Ne2 $1 Bg7 31. Nf4 Rac8 32. Bc3 Nc4 (32... Qf7 $142) 33. e5 Qf7 34. Qd3+ ({Not} 34. exd6 Na3+ 35. bxa3 Rxc3 $14) 34... Kg8 35. Rhg1 dxe5 {[#]} ({Don't blunder} 35... Qxf4 $2 36. exd6 e5 37. Rdf1) 36. Rxg7+ $1 {[%mdl 512]} Qxg7 37. Nh5 Qf7 38. Rg1+ {[%cal Bd1g1,Bg1g6,Bg6f6][%mdl 32]} Kh8 {[#]} 39. Rg6 $1 {[%cal Rg6h6]} Qf8 $2 (39... Qh7 40. Qg3 Rg8 41. Bxe5+ Nxe5 42. Qxe5+ Rg7 43. Qxg7+ Qxg7 44. Rxg7 Rc5) 40. Rf6 {White is clearly winning.} Rcd8 41. Qe2 Qxf6 42. Nxf6 Rf8 43. b3 {Precision: White = 65%, Black = 33%.} 1-0

[Event "1st Gujarat GM Open 2018"]
[Site "Ahmedabad"]
[Date "2018.10.08"]
[Round "5"]
[White "Tukhaev, Adam"]
[Black "Ramnathan, Balasubramaniam"]
[Result "1-0"]
[WhiteElo "2556"]
[BlackElo "2142"]
[Annotator "ChessBase"]
[PlyCount "107"]
[EventDate "2018.10.05"]
[EventType "swiss"]
[EventCountry "IND"]
[SourceTitle "playchess.com"]
[Source "ChessBase"]
[SourceQuality "1"]
[TimeControl "5400+30"]

1. e4 {[%emt 0:00:00]} e5 {[%emt 0:00:00]} 2. Nf3 {[%emt 0:00:00]} Nf6 {[%emt 0:00:00]} 3. Nxe5 {[%emt 0:00:11]} d6 {[%emt 0:00:08]} 4. Nf3 {[%emt 0:00:04]} Nxe4 {[%emt 0:00:10]} 5. Nc3 {[%emt 0:00:18]} Nxc3 {[%emt 0:00:07]} 6. dxc3 {[%emt 0:00:06]} Be7 {[%emt 0:00:47]} 7. Be3 {[%emt 0:00:06]} Nc6 {[%emt 0:00:56]} 8. Qd2 {[%emt 0:00:07]} O-O {[%emt 0:01:43]} 9. O-O-O {[%emt 0:00:11]} Bf5 {[%emt 0:01:06]} 10. h4 {[%emt 0:03:11]} Bf6 {[%emt 0:09:04]} 11. Ng5 {[%emt 0:08:54]} Ne5 {[%emt 0:08:04]} 12. f3 {[%emt 0:02:40]} Qd7 {[%emt 0:02:30]} 13. b3 {[%emt 0:13:55]} Rae8 {[%emt 0:04:50]} 14. Be2 {[%emt 0:06:14]} Qe7 {[%emt 0:06:51]} 15. Rde1 {[%emt 0:04:34]} d5 {[%emt 0:09:37]} 16. Kb2 {[%emt 0:02:49]} Nc6 {[%emt 0:06:53]} 17. Bd3 {[%emt 0:11:01]} Ne5 {[%emt 0:00:00]} 18. Be2 {[%emt 0:00:00]} Nc6 {[%emt 0:01:00]} 19. Bd3 {[%emt 0:01:00]} Qd7 {[%emt 0:07:01]} 20. Bxf5 {[%emt 0:01:37]} Qxf5 {[%emt 0:00:06]} 21. g4 {[%emt 0:00:12]} Qd7 {[%emt 0:00:17]} 22. Ne4 {[%emt 0:05:19]} Be7 {[%emt 0:03:22]} 23. Nc5 {[%emt 0:14:27]} Bxc5 {[%emt 0:05:43]} 24. Bxc5 {[%emt 0:00:05]} Rxe1 {[%emt 0:00:06]} 25. Rxe1 {[%emt 0:00:06]} Rd8 {[%emt 0:00:06]} 26. h5 {[%emt 0:01:18]} b6 {[%emt 0:00:23]} 27. Bg1 {[%emt 0:02:07]} f6 {[%emt 0:03:45]} 28. Bh2 {[%emt 0:03:09]} h6 {[%emt 0:04:12]} 29. Qd3 {[%emt 0:06:21]} a5 {[%emt 0:02:50]} 30. a4 {[%emt 0:00:39]} Ne7 {[%emt 0:04:52]} 31. Qa6 {[%emt 0:01:19]} Kf8 {[%emt 0:02:01]} 32. Qb7 {[%emt 0:03:25]} Rc8 {[%emt 0:00:14]} 33. Rd1 {[%emt 0:01:50]} Qe6 {[%emt 0:02:25]} 34. Bg3 {[%emt 0:00:13]} Kf7 {[%emt 0:00:58]} 35. Re1 {[%emt 0:00:56]} Qd7 {[%emt 0:00:06]} 36. Bf2 {[%emt 0:00:20]} Rd8 {[%emt 0:00:52]} 37. Rd1 {[%emt 0:02:55]} Qc6 {[%emt 0:01:19]} 38. Qa6 {[%emt 0:00:05]} Qd6 {[%emt 0:02:37]} 39. Qd3 {[%emt 0:04:05]} Nc6 {[%emt 0:02:51]} 40. Be3 {[%emt 0:00:23]} Qe6 {[%emt 0:01:11]} 41. Bf4 {[%emt 0:00:34]} Ne5 {[%emt 0:00:51]} 42. Qf1 {[%emt 0:01:14]} Qd6 {[%emt 0:00:58]} 43. Kb1 {[%emt 0:00:39]} Re8 {[%emt 0:01:25]} 44. Qf2 {[%emt 0:00:52]} c5 {[%emt 0:00:39]} 45. Bc1 {[%emt 0:00:43]} Rd8 {[%emt 0:01:38]} 46. Qg2 {[%emt 0:00:20]} Qd7 {[%emt 0:01:31]} 47. Rg1 {[%emt 0:00:04]} Kf8 {[%emt 0:01:51]} 48. f4 {[%emt 0:00:04]} Nf7 {[%emt 0:01:37]} 49. g5 {[%emt 0:00:03]} f5 {[%emt 0:01:04]} 50. gxh6 {[%emt 0:00:04]} Nxh6 {[%emt 0:00:10]} 51. Qg6 {[%emt 0:00:02]} Qc7 {[%emt 0:01:04]} 52. Re1 {[%emt 0:00:04]} c4 {[%emt 0:00:32]} 53. Ba3+ {[%emt 0:00:18]} Kg8 {[%emt 0:00:09]} 54. Re7 1-0

[Event "1st Gujarat GM Open 2018"]
[Site "Ahmedabad"]
[Date "2018.10.08"]
[Round "5"]
[White "Sivuk, Vitaly"]
[Black "Stany, G.A."]
[Result "0-1"]
[WhiteElo "2545"]
[BlackElo "2502"]
[Annotator "TA"]
[PlyCount "110"]
[EventDate "2018.10.05"]
[EventType "swiss"]
[EventCountry "IND"]
[SourceTitle "playchess.com"]
[Source "ChessBase"]
[SourceQuality "1"]

{[%evp 15,110,16,49,35,42,52,42,44,37,35,50,45,81,85,84,79,85,78,106,68,90,85,101,98,118,94,137,0,114,0,104,88,128,109,104,105,112,106,140,26,77,72,75,76,64,11,14,16,16,15,21,27,33,6,3,36,52,35,47,25,157,49,74,0,0,0,0,0,0,0,0,0,0,0,0,0,0,0,0,0,0,0,0,-102,-87,-255,-161,-191,-187,-194,-177,-670,-664,-857,-857,-831,-813]} 1. Nf3 Nf6 2. c4 g6 3. Nc3 d5 4. cxd5 Nxd5 5. Qb3 Nb6 6. d4 {[%cal Bd2d4,Bd4d5][%mdl 32]} Bg7 7. e4 O-O {D90: Grünfeld: 4 Nf3 Bg7 sidelines} 8. Be3 Nc6 {[%cal Rc6d4] LiveBook: 4 Games} (8... a5 9. Rd1 a4 10. Qc2 Nc6 11. a3 Bg4 12. d5 Bxf3 13. gxf3 Ne5 14. Be2 Nec4 15. Bc1 {1-0 (60) Hammer,J (2631)-Hansen,E (2629) chess.com INT 2018}) 9. d5 Ne5 {White is slightly better.} 10. Nxe5 Bxe5 11. f4 Bg7 12. Rd1 Bd7 13. Be2 c6 $146 ({Predecessor:} 13... Qe8) 14. dxc6 bxc6 15. O-O $36 {[%mdl 2048] Black is under strong pressure.} Qc7 16. Qb4 Be6 17. Rc1 Rab8 18. Qa5 Qb7 19. b3 Rfd8 20. Rfd1 Rf8 21. Rf1 Rfd8 22. Rfd1 (22. f5 $16 gxf5 23. exf5) 22... Rxd1+ (22... Rf8 $1 $11) 23. Rxd1 $16 f5 24. exf5 Bxf5 25. Bf3 Qc7 26. Na4 e5 27. Nc5 (27. Bc5 $16) 27... Rd8 (27... Re8 $11) 28. Rxd8+ Qxd8 29. fxe5 Bxe5 30. g3 ({But not} 30. Qxa7 $2 Bd4 $19) (30. Kh1 $14) 30... Bd4 $11 31. Qd2 Bxe3+ 32. Qxe3 Qd6 33. g4 Bd7 34. a4 Nd5 35. Qd4 Be6 36. b4 Bf7 37. Nd3 Qd7 {[#]} (37... a6 $11 {keeps the balance.}) 38. Ne5 (38. b5 $1 $16 {[%mdl 512]}) 38... Qe7 39. b5 (39. Nxf7 $16 {White threatens Nh6+ and mate.} Qxf7 40. Kg2) 39... c5 40. Qe4 Nc3 41. Qf4 Nxa4 42. Nc6 Qe1+ 43. Kg2 Nc3 44. Ne5 Bb3 45. Qg5 {Hoping for Qd8+.} Ne4 {( -> ...Qf2+)} 46. Qd8+ Kg7 47. Qe7+ Kg8 48. Qd8+ Kg7 49. Nd3 (49. Qc7+ $11 {remains equal.} Kh6 50. g5+ $1 {[%mdl 512]} Nxg5 51. Ng4+ Kh5 52. Nf6+ Kh6 53. Ng4+ Kh5 54. Nf6+ Kh6 55. Ng4+) 49... Qd2+ $17 50. Kg1 $2 (50. Kf1 $17 {was forced.} Ng5 51. Qe7+ Nf7 52. Nxc5 Bc4+ 53. Kg1) 50... Ng5 51. Qe7+ {[#]} Bf7 $1 52. Qe5+ Kh6 53. Be2 $2 {[#]} (53. Qe2 Nxf3+ 54. Qxf3) 53... Qxd3 $1 $19 {[%mdl 512] Black is clearly winning.} 54. h4 {[%csl Ge5][%cal Rh4g5]} (54. Bxd3 Nf3+) 54... Nf3+ 55. Bxf3 Qxf3 {Precision: White = 44%, Black = 44%.} 0-1

[Event "1st Gujarat GM Open 2018"]
[Site "Ahmedabad"]
[Date "2018.10.08"]
[Round "5"]
[White "Lalith Babu M R"]
[Black "Babujian, Levon"]
[Result "0-1"]
[WhiteElo "2518"]
[BlackElo "2456"]
[Annotator "ChessBase"]
[PlyCount "92"]
[EventDate "2018.10.05"]
[EventType "swiss"]
[EventCountry "IND"]
[SourceTitle "playchess.com"]
[Source "ChessBase"]
[SourceQuality "1"]
[TimeControl "5400+30"]

1. c4 {[%emt 0:00:00]} e5 {[%emt 0:00:00]} 2. g3 {[%emt 0:00:00]} Nc6 {[%emt 0:00:39]} 3. Bg2 {[%emt 0:00:00]} g6 {[%emt 0:03:37]} 4. Nc3 {[%emt 0:00:35]} Bg7 {[%emt 0:00:05]} 5. e4 {[%emt 0:00:41]} d6 {[%emt 0:01:56]} 6. Nge2 {[%emt 0:01:37]} h5 {[%emt 0:01:53]} 7. h4 {[%emt 0:01:29]} Nh6 {[%emt 0:04:27]} 8. d3 {[%emt 0:00:54]} O-O {[%emt 0:00:42]} 9. O-O {[%emt 0:03:20]} Nd4 {[%emt 0:01:40]} 10. Nxd4 {[%emt 0:04:34]} exd4 {[%emt 0:01:00]} 11. Ne2 {[%emt 0:00:04]} Ng4 {[%emt 0:00:29]} 12. Bg5 {[%emt 0:00:55]} Qe8 {[%emt 0:01:56]} 13. Re1 {[%emt 0:03:11]} a5 {[%emt 0:00:32]} 14. Rc1 {[%emt 0:12:11]} c6 {[%emt 0:05:15]} 15. Rc2 {[%emt 0:02:54]} Qe5 {[%emt 0:04:24]} 16. f3 {[%emt 0:05:42]} Nf6 {[%emt 0:05:43]} 17. Bf4 {[%emt 0:03:59]} Qc5 {[%emt 0:00:58]} 18. Nc1 {[%emt 0:00:37]} a4 {[%emt 0:01:45]} 19. Qd2 {[%emt 0:00:04]} Nd7 {[%emt 0:02:05]} 20. b4 {[%emt 0:02:30]} axb3 {[%emt 0:00:04]} 21. axb3 {[%emt 0:01:36]} Ne5 {[%emt 0:00:24]} 22. b4 {[%emt 0:00:26]} Qb6 {[%emt 0:00:11]} 23. c5 {[%emt 0:09:41]} dxc5 {[%emt 0:00:38]} 24. bxc5 {[%emt 0:00:04]} Qa5 {[%emt 0:01:13]} 25. Qxa5 {[%emt 0:03:32]} Rxa5 {[%emt 0:00:16]} 26. Bxe5 {[%emt 0:00:10]} Bxe5 {[%emt 0:00:04]} 27. f4 {[%emt 0:00:04]} Bg7 {[%emt 0:01:08]} 28. Nb3 {[%emt 0:02:24]} Ra3 {[%emt 0:00:47]} 29. Rb1 {[%emt 0:00:05]} Rd8 {[%emt 0:00:51]} 30. Bf1 {[%emt 0:02:15]} Rf8 {[%emt 0:00:09]} 31. Bg2 {[%emt 0:00:00]} Rd8 {[%emt 0:00:51]} 32. Bf1 {[%emt 0:01:00]} Bf8 {[%emt 0:03:33]} 33. e5 {[%emt 0:03:10]} Be6 {[%emt 0:03:22]} 34. Nd2 {[%emt 0:02:48]} Rc3 {[%emt 0:00:51]} 35. Rxc3 {[%emt 0:11:42]} dxc3 {[%emt 0:00:47]} 36. Ne4 {[%emt 0:00:05]} Rd4 {[%emt 0:12:48]} 37. Nxc3 {[%emt 0:06:22]} Bxc5 {[%emt 0:00:25]} 38. Kh1 {[%emt 0:00:47]} b5 {[%emt 0:01:05]} 39. Ne4 {[%emt 0:00:49]} Ba3 {[%emt 0:03:04]} 40. Kg1 {[%emt 0:00:18]} b4 {[%emt 0:01:26]} 41. Nd2 {[%emt 0:01:45]} b3 {[%emt 0:06:23]} 42. Kf2 {[%emt 0:00:19]} b2 {[%emt 0:01:52]} 43. Ke3 {[%emt 0:00:04]} Bc5 {[%emt 0:01:10]} 44. Ke2 {[%emt 0:00:36]} Rb4 {[%emt 0:00:40]} 45. Nc4 {[%emt 0:00:21]} Bd4 {[%emt 0:01:42]} 46. Kd2 {[%emt 0:00:06]} Rb3 {[%emt 0:01:21]} 0-1

[Event "1st Gujarat GM Open 2018"]
[Site "Ahmedabad"]
[Date "2018.10.08"]
[Round "5"]
[White "Harsha Bharathakoti"]
[Black "Ter-Sahakyan, Samvel"]
[Result "1/2-1/2"]
[WhiteElo "2492"]
[BlackElo "2547"]
[Annotator "TA"]
[PlyCount "78"]
[EventDate "2018.10.05"]
[EventType "swiss"]
[EventCountry "IND"]
[SourceTitle "playchess.com"]
[Source "ChessBase"]
[SourceQuality "1"]

{[%evp 9,78,25,49,32,29,12,11,21,29,34,47,56,42,50,62,25,36,31,37,35,38,29,24,29,86,0,28,0,105,0,21,0,30,-8,37,0,31,27,34,-287,20,0,37,0,0,0,16,0,0,0,0,0,0,0,11,6,36,28,33,25,42,0,44,0,46,43,49,24,25,20,38]} 1. d4 d5 2. c4 c6 3. Nf3 Nf6 {[%cal Bg8f6,Bf6d5,Bd5c3][%mdl 32]} 4. e3 e6 5. b3 c5 6. cxd5 {D30: Queen's Gambit Declined: Systems without Nc3} Nxd5 7. Bb2 cxd4 8. Nxd4 Bb4+ 9. Nd2 Bc3 10. Bxc3 Nxc3 11. Qc2 Nd5 $1 12. Be2 $146 ({Predecessor:} 12. Bc4 O-O 13. O-O {1-0 (58) Pashikian,A (2606)-Mikaelyan,A (2448) Yerevan 2016}) 12... Bd7 13. Nc4 $36 {[%mdl 2048] White has the initiative.} O-O 14. O-O Nc6 15. Rad1 Qe7 16. Bf3 Qd8 (16... Ndb4 $11 {keeps the balance.} 17. Qe2 Rad8) 17. Be2 ({Better is} 17. e4 $16 Ndb4 18. Qc3) 17... Qe7 $11 18. Bf3 (18. Qb2 $11) 18... Qd8 $16 19. Be2 (19. e4 $16 Ndb4 20. Qc3) 19... Qe7 $11 20. Bf3 Rfd8 21. Be2 Rf8 22. Bf3 Rfd8 23. Qb2 Rac8 24. Qc2 $2 {[%mdl 8192] [#]} (24. Nb5 $14 {keeps the upper hand.}) 24... Ra8 $2 (24... Nxd4 $1 $19 25. Rxd4 b5) 25. Qb2 Rac8 26. Bxd5 exd5 27. Nxc6 bxc6 28. Qa3 (28. Ne5 {feels hotter.} Bf5 29. Nd3 c5 30. Nf4 Qe4 31. Ne2) 28... Kf8 29. Qxe7+ $1 Kxe7 30. Na5 Rb8 31. Rc1 Kd6 {next ...Rb5 is good for Black.} 32. Rfd1 Rdc8 33. Nc4+ Ke7 34. Nb2 Kd6 35. Nc4+ Ke7 36. Nb2 Kd6 37. Na4 Rb4 38. Nc5 Rb5 39. Ne4+ Ke5 {Precision: White = 39%, Black = 51%.} 1/2-1/2

[Event "1st Gujarat GM Open 2018"]
[Site "Ahmedabad"]
[Date "2018.10.08"]
[Round "5"]
[White "Rahman, Ziaur"]
[Black "Navalgund, Niranjan"]
[Result "0-1"]
[WhiteElo "2473"]
[BlackElo "2245"]
[Annotator "RC"]
[PlyCount "111"]
[EventDate "2018.10.05"]
[EventType "swiss"]
[EventCountry "IND"]
[SourceTitle "playchess.com"]
[Source "ChessBase"]
[SourceQuality "1"]
[TimeControl "5400+30"]

1. Nf3 {[%emt 0:01:27]} Nf6 {[%emt 0:00:00]} 2. c4 {[%emt 0:00:34]} g6 {[%emt 0:00:00]} 3. g3 {[%emt 0:01:33]} Bg7 {[%emt 0:00:00]} 4. Bg2 {[%emt 0:00:03]} O-O {[%emt 0:00:00]} 5. O-O {[%emt 0:00:06]} d6 {[%emt 0:00:00]} 6. Nc3 {[%emt 0:01:19]} e5 {[%emt 0:00:01]} 7. d4 {[%emt 0:01:26]} Nbd7 {[%emt 0:00:40]} 8. e4 {[%emt 0:02:19]} c6 {[%emt 0:00:27]} 9. h3 {[%emt 0:00:25]} Qb6 {[%emt 0:00:56]} 10. Re1 {[%emt 0:00:32]} exd4 {[%emt 0:00:06]} 11. Nxd4 {[%emt 0:00:05]} Re8 {[%emt 0:00:20]} 12. Nc2 {[%emt 0:02:06]} Qa5 {[%emt 0:05:18]} 13. Ne3 {[%emt 0:06:42]} Nc5 {[%emt 0:04:45]} 14. Nc2 {[%emt 0:04:43]} Ncd7 {[%emt 0:11:21]} 15. Bd2 {[%emt 0:02:27]} Qc7 {[%emt 0:01:57]} 16. Re2 {[%emt 0:06:51]} a6 {[%emt 0:05:41]} 17. b3 {[%emt 0:04:53]} b5 {[%emt 0:04:20]} 18. cxb5 {[%emt 0:03:43]} axb5 {[%emt 0:00:13]} 19. Rc1 {[%emt 0:01:12]} Bb7 {[%emt 0:08:00]} 20. Be1 {[%emt 0:09:23]} Rf8 {[%emt 0:00:00]} 21. Bd2 {[%emt 0:00:00]} Rfe8 {[%emt 0:01:00]} 22. Be1 {[%emt 0:01:00]} Rad8 {[%emt 0:25:47]} 23. Ne3 {[%emt 0:06:52]} Qb8 {[%emt 0:01:58]} 24. Ng4 {[%emt 0:05:43]} b4 {[%emt 0:07:38]} 25. Na4 {[%emt 0:03:02]} c5 {[%emt 0:00:34]} 26. Nxf6+ {[%emt 0:00:56]} Bxf6 {[%emt 0:00:50]} 27. Rcc2 {[%emt 0:04:38]} Ne5 {[%emt 0:05:01]} 28. Nb6 {[%emt 0:03:34]} Bxe4 {[%emt 0:03:27]} 29. Rxe4 {[%emt 0:01:06]} Qxb6 {[%emt 0:00:02]} 30. Qd5 {[%emt 0:01:51]} Nc6 {[%emt 0:02:53]} 31. Rce2 {[%emt 0:09:46]} Rxe4 {[%emt 0:00:54]} 32. Qxe4 {[%emt 0:02:05]} d5 {[%emt 0:00:49]} 33. Qf4 {[%emt 0:00:08]} Nd4 {[%emt 0:00:27]} 34. Re3 {[%emt 0:00:31]} Kg7 {[%emt 0:03:13]} 35. Bd2 {[%emt 0:01:08]} c4 {[%emt 0:01:04]} 36. Re1 {[%emt 0:02:02]} Ne6 {[%emt 0:02:15]} 37. Qf3 {[%emt 0:01:44]} Nd4 {[%emt 0:02:22]} 38. Qf4 {[%emt 0:00:06]} Ne6 {[%emt 0:00:24]} 39. Qf3 {[%emt 0:00:04]} Nc5 {[%emt 0:00:22]} 40. g4 {[%emt 0:02:25]} c3 {[%emt 0:00:29]} 41. Bc1 {[%emt 0:01:41]} Ne4 {[%emt 0:01:47]} 42. Be3 {[%emt 0:00:26]} Bd4 {[%emt 0:00:43]} 43. Qf4 {[%emt 0:02:10]} Bxe3 {[%emt 0:00:11]} 44. fxe3 {[%emt 0:00:04]} Qf6 {[%emt 0:01:41]} 45. Bxe4 {[%emt 0:00:44]} Qxf4 {[%emt 0:00:12]} 46. exf4 {[%emt 0:00:02]} dxe4 {[%emt 0:00:16]} 47. Kf2 {[%emt 0:00:07]} f5 {[%emt 0:00:22]} 48. Ra1 {[%emt 0:00:25]} Rd2+ {[%emt 0:00:16]} 49. Ke3 {[%emt 0:00:04]} Rd3+ {[%emt 0:00:59]} 50. Ke2 {[%emt 0:00:05]} Rxh3 {[%emt 0:00:14]} 51. gxf5 {[%emt 0:00:05]} gxf5 {[%emt 0:00:06]} 52. a3 {[%emt 0:00:09]} bxa3 {[%emt 0:00:52]} 53. b4 {[%emt 0:01:06]} a2 {[%emt 0:01:08]} 54. b5 {[%emt 0:00:11]} Rh2+ {[%emt 0:00:05]} 55. Ke3 {[%emt 0:00:03]} Rb2 {[%emt 0:00:08]} 56. Kd4 0-1